Music Quiz

Random Music Quiz

Rolling Stone's Greatest Beatles Songs Quiz Stats

 Plays Quiz not verified by Sporcle

Challenge
Share
Tweet
Embed
Score 0/100 Timer 10:00
0 Plays Today
Number Band % Correct
1A Day In the Life
100%
9Come Together
77.8%
8Let It Be
77.8%
6Something
77.8%
2I Want to Hold Your Hand
77.8%
28Here Comes the Sun
66.7%
26If I Fell
66.7%
24Happiness is a Warm Gun
66.7%
23Abbey Road Medley
66.7%
22Eleanor Rigby
66.7%
20Please Please Me
66.7%
19Lucy In the Sky With Diamonds
66.7%
18Tomorrow Never Knows
66.7%
17Ticket to Ride
66.7%
16I Saw Her Standing There
66.7%
15Help
66.7%
12Norwegian Wood
66.7%
11A Hard Day's Night
66.7%
10While My Guitar Gently Weeps
66.7%
7Hey Jude
66.7%
5In My Life
66.7%
4Yesterday
66.7%
3Strawberry Fields Forever
66.7%
32Penny Lane
55.6%
29Can't Buy Me Love
55.6%
25Here, There and Everywhere
55.6%
21All You Need is Love
55.6%
14She Loves You
55.6%
13Revolution
55.6%
31You've Got to Hide Your Love Away
55.6%
43Drive My Car
44.4%
40For No One
44.4%
38Blackbird
44.4%
34Eight Days a Week
44.4%
Number Band % Correct
30We Can Work It Out
44.4%
27You're Going to Lose That Girl
44.4%
60Sgt Peppers Lonely Hearts Club Band
33.3%
59I Want You (She's So Heavy)
33.3%
54Two of Us
33.3%
48The Ballad of John and Yoko
33.3%
46Don't Let Me Down
33.3%
44All My Loving
33.3%
42I Feel Fine
33.3%
41Get Back
33.3%
39Day Tripper
33.3%
37She Said, She Said
33.3%
36I Should Have Known Better
33.3%
35Paperback Writer
33.3%
33I Am the Walrus
33.3%
90The Long and Winding Road
22.2%
84Across the Universe
22.2%
68Baby, You're a Rich Man
22.2%
67Oh Darling
22.2%
61With A Little Help From My Friends
22.2%
58I've Just Seen a Face
22.2%
57I'm Only Sleeping
22.2%
55Taxman
22.2%
52Helter Skelter
22.2%
50Got to Get You Into My Life
22.2%
49The Night Before
22.2%
100Hello, Goodbye
11.1%
92Dig a Pony
11.1%
89Good Day Sunshine
11.1%
88Rain
11.1%
87Love Me Do
11.1%
86Lady Madonna
11.1%
83I'm So Tired
11.1%
82She's Leaving Home
11.1%
Number Band % Correct
81Hey Bulldog
11.1%
80Mother Nature's Son
11.1%
78And Your Bird Can Sing
11.1%
77Because
11.1%
76Yer Blues
11.1%
75Think For Yourself
11.1%
74Yellow Submarine
11.1%
73Everybody's Got Something To Hide Except For Me and My Monkey
11.1%
72From Me To You
11.1%
70You Can't Do That
11.1%
69Julia
11.1%
66Nowhere Man
11.1%
65And I Love Her
11.1%
64I've Got a Feeling
11.1%
63Dear Prudence
11.1%
62Girl
11.1%
56I'm Down
11.1%
53It Won't Be Long
11.1%
51If I Needed Someone
11.1%
47Things We Said Today
11.1%
99Yes It Is
0%
98Long, Long, Long
0%
97All I've Got To Do
0%
96Within You Without You
0%
95Any Time at All
0%
94You Won't See Me
0%
93Sexy Sadie
0%
91Every Little Thing
0%
85Back In the USSR
0%
79I'll Follow the Sun
0%
71I'm a Loser
0%
45No Reply
0%

You're not logged in!

Compare scores with friends on all Sporcle quizzes.
OR
Log In

You Might Also Like...

Show Comments

Extras

Created Jan 21, 2014ReportNominate

Top Quizzes Today


Score Distribution

Your Account Isn't Verified!

In order to create a playlist on Sporcle, you need to verify the email address you used during registration. Go to your Sporcle Settings to finish the process.

Report this User

Report this user for behavior that violates our Community Guidelines.

Details: